000 00438nam a2200157 4500
001 112747
003 ES-MaACL
005 20230906185621.0
007 t|
008 061121s1930 fr r ||||1| fre d
100 1 _aMuret, Maurice.
_984566
245 1 0 _aGuillaume II
_b: (d'apres les plus recents temoignages) /
_cMaurice Muret.
260 _aParis :
_bRambot et CÂȘ,
_c1930.
300 _a378 p. ;
_c23 cm.
852 _aES-MaACL
_jA-60
999 _c112747
_d112747